MARC details
| 000 -LEADER |
| fixed length control field |
01316nam a2200361Ia 4500 |
| 001 - CONTROL NUMBER |
| control field |
sjdsz9livm b1483301 |
| 003 - CONTROL NUMBER IDENTIFIER |
| control field |
sjds |
| 005 - DATE AND TIME OF LATEST TRANSACTION |
| control field |
20171129190132.0 |
| 008 - FIXED-LENGTH DATA ELEMENTS--GENERAL INFORMATION |
| fixed length control field |
070201s2006 nyua b 000 f spa d |
| 020 ## - INTERNATIONAL STANDARD BOOK NUMBER |
| International Standard Book Number |
0439874262 (pbk.) |
| 020 ## - INTERNATIONAL STANDARD BOOK NUMBER |
| International Standard Book Number |
9780439874267 (pbk.) |
| 040 ## - CATALOGING SOURCE |
| Transcribing agency |
sjds |
| 041 1# - LANGUAGE CODE |
| Language code of text/sound track or separate title |
spa |
| Language code of original |
eng |
| 090 ## - LOCALLY ASSIGNED LC-TYPE CALL NUMBER (OCLC); LOCAL CALL NUMBER (OCLC) |
| Classification number (OCLC) (R) ; Classification number, CALL (RLIN) (NR) |
jSPAN FIC |
| Local cutter number (OCLC) ; Book number/undivided call number, CALL (RLIN) |
PARK, B. |
| 100 1# - MAIN ENTRY--PERSONAL NAME |
| Personal name |
Park, Barbara. |
| 245 10 - TITLE STATEMENT |
| Title |
Junie B. Jones busca una mascota / |
| Statement of responsibility, etc. |
por Barbara Park ; ilustrado por Denise Brunkus ; [translated by Aurora Hernandez]. |
| 246 30 - VARYING FORM OF TITLE |
| Title proper/short title |
Junie B. Jones smells something fishy. |
| 250 ## - EDITION STATEMENT |
| Edition statement |
Spanish. |
| 260 ## - PUBLICATION, DISTRIBUTION, ETC. (IMPRINT) |
| Place of publication, distribution, etc. |
New York : |
| Name of publisher, distributor, etc. |
Scholastic, |
| Date of publication, distribution, etc. |
c2006. |
| 300 ## - PHYSICAL DESCRIPTION |
| Extent |
66 p. : |
| Other physical details |
ill. ; |
| Dimensions |
20 cm. |
| 490 1# - SERIES STATEMENT |
| Series statement |
Junie B. Jones. |
| 500 ## - GENERAL NOTE |
| General note |
Translation of: Junie B. Jones smells something fishy. |
| 500 ## - GENERAL NOTE |
| General note |
"Scholastic en español" |
| 520 ## - SUMMARY, ETC. |
| Summary, etc. |
Frustrated because the rules for her class's Pet Day will not let her take her dog to school, Junie B. Jones considers taking a raccoon, a worm, a dead fish, and other unusual replacements. |
| 650 #1 - SUBJECT ADDED ENTRY--TOPICAL TERM |
| Topical term or geographic name as entry element |
Pets |
| Form subdivision |
Fiction. |
| 650 #1 - SUBJECT ADDED ENTRY--TOPICAL TERM |
| Topical term or geographic name as entry element |
Kindergarten |
| Form subdivision |
Fiction. |
| 650 #1 - SUBJECT ADDED ENTRY--TOPICAL TERM |
| Topical term or geographic name as entry element |
Schools |
| Form subdivision |
Fiction. |
| 650 #0 - SUBJECT ADDED ENTRY--TOPICAL TERM |
| Topical term or geographic name as entry element |
Spanish language materials. |
| 700 1# - ADDED ENTRY--PERSONAL NAME |
| Personal name |
Brunkus, Denise. |
| 700 1# - ADDED ENTRY--PERSONAL NAME |
| Personal name |
Hernández, Aurora. |
| 800 1# - SERIES ADDED ENTRY--PERSONAL NAME |
| Personal name |
Park, Barbara. |
| Title of a work |
Junie B. Jones series. |
| 942 ## - ADDED ENTRY ELEMENTS (KOHA) |
| Koha item type |
Libro/Book |